000 01043nam2a22002531 4500
001 RU\NLR\A1SV\117412
005 20260422145811.0
035 _a(NLR Aleph) 010438124
090 _a13291651
_c13291651
100 _a20130328d1918 u y0rusy50 ca
101 0 _arus
200 1 _aТанцулька
_f[А.Н.Потресов, М.Неведомский, Д.Заславский и др.]
215 _a32 стб.
300 _aБез тит. л.
461 1 _1001RU\NLR\A1SV\117409
_12000#$v3
_99880116
_a"Стрелы", изд-во. Петербург
_cСпб.
_d1918
_fИзд-во "Стрелы"
_tСборник
_v3
702 1 _aПотресов
_bА. Н.
_f1869-1934
_gАлександр Николаевич
702 1 _7ca
_8rus
_aЗаславский
_bД. И.
_f1880-1965
_gДавид Иосифович
_972056
_3RU\NLR\AUTH\7789128
702 1 _aНеведомский
_bМ. П.
_f1866-1943
_gМихаил Петрович
801 0 _aRU
_bNLR
_c20130328
852 _aNLR
_j45/522(3)
942 _cBOOK
980 _aA1SV
980 _aNB